[Event "Silkway Cup"]
[Site "T#646345FIDE"]
[Date "2020.05.28"]
[Round "9"]
[White "Ahmadzada"]
[Black "Sadikhov_Ulvi"]
[Result "0-1"]
[WhiteElo "1948"]
[BlackElo "2276"]
[PlyCount "188"]
[EventDate "2020.05.28"]
[EventType "swiss (blitz)"]

1. e4 {[%emt 0:00:03]} c5 {[%emt 0:00:02]} 2. Nf3 {[%emt 0:00:01]} Nc6 {[%emt 0:00:01]} 3. Nc3 {[%emt 0:00:01]} e6 {[%emt 0:00:03]} 4. d4 {[%emt 0:00:04]} cxd4 {[%emt 0:00:01]} 5. Nxd4 {[%emt 0:00:00]} d6 {[%emt 0:00:01]} 6. g3 {[%emt 0:00:01]} Nf6 {[%emt 0:00:01]} 7. Bg2 {[%emt 0:00:01]} Bd7 {[%emt 0:00:02]} 8. O-O {[%emt 0:00:01]} a6 {[%emt 0:00:01]} 9. Nb3 {[%emt 0:00:07]} Be7 {[%emt 0:00:05]} 10. f4 {[%emt 0:00:01]} Qc7 {[%emt 0:00:02]} 11. g4 {[%emt 0:00:07]} h5 {[%emt 0:00:14]} 12. g5 {[%emt 0:00:02]} Ng4 {[%emt 0:00:01]} 13. Qe2 {[%emt 0:00:11]} b5 {[%emt 0:00:07]} 14. a3 {[%emt 0:00:12]} f6 {[%emt 0:00:25]} 15. gxf6 {[%emt 0:00:58]} Bxf6 {[%emt 0:00:10]} 16. f5 {[%emt 0:00:28]} Qa7+ {[%emt 0:01:10]} 17. Kh1 {[%emt 0:00:03]} Nd4 {[%emt 0:00:03]} 18. Nxd4 {[%emt 0:00:19]} Bxd4 {[%emt 0:00:03]} 19. e5 {[%emt 0:00:27]} dxe5 {[%emt 0:00:14]} 20. fxe6 {[%emt 0:00:28]} Bxe6 {[%emt 0:00:05]} 21. Qe4 {[%emt 0:00:01]} Rd8 {[%emt 0:00:23] '} 22. Bg5 {[%emt 0:00:02]} Rd7 {[%emt 0:00:22]} 23. Qg6+ {[%emt 0:00:03]} Bf7 {[%emt 0:00:02]} 24. Qf5 {[%emt 0:00:06]} g6 {[%emt 0:00:04]} 25. Qe4 {[%emt 0:00:01]} O-O {[%emt 0:00:02]} 26. h3 {[%emt 0:00:04]} Nf2+ {[%emt 0:00:03]} 27. Rxf2 {[%emt 0:00:00]} Bxf2 {[%emt 0:00:01]} 28. Rf1 {[%emt 0:00:00]} Bd4 {[%emt 0:00:04]} 29. Bh6 {[%emt 0:00:03]} Bxc3 {[%emt 0:00:03]} 30. Bxf8 {[%emt 0:00:02]} Kxf8 {[%emt 0:00:02]} 31. bxc3 {[%emt 0:00:01]} Kg8 {[%emt 0:00:02]} 32. Qxe5 {[%emt 0:00:01]} Qb6 {[%emt 0:00:03]} 33. Qf4 {[%emt 0:00:01]} Qe6 {[%emt 0:00:01]} 34. Rf2 {[%emt 0:00:01]} Kg7 {[%emt 0:00:01]} 35. Kh2 {[%emt 0:00:01]} Kg8 {[%emt 0:00:00]} 36. Kh1 {[%emt 0:00:01]} Kg7 {[%emt 0:00:00]} 37. h4 {[%emt 0:00:03]} Kg8 {[%emt 0:00:01]} 38. Qg5 {[%emt 0:00:02]} Rd1+ {[%emt 0:00:02]} 39. Kh2 {[%emt 0:00:04]} Qd6+ {[%emt 0:00:01]} 40. Qg3 {[%emt 0:00:05]} Qxg3+ {[%emt 0:00:01]} 41. Kxg3 {[%emt 0:00:00]} Ra1 {[%emt 0:00:01]} 42. Rf6 {[%emt 0:00:05]} Rxa3 {[%emt 0:00:01]} 43. Rc6 {[%emt 0:00:01]} b4 {[%emt 0:00:07]} 44. Kf4 {[%emt 0:00:05]} bxc3 {[%emt 0:00:01]} 45. Rc8+ {[%emt 0:00:01]} Kg7 {[%emt 0:00:01]} 46. Rc7 {[%emt 0:00:00]} Ra4+ {[%emt 0:00:02]} 47. Ke5 {[%emt 0:00:01]} Ra5+ {[%emt 0:00:01]} 48. Kd4 {[%emt 0:00:00]} Ra4+ {[%emt 0:00:02]} 49. Kxc3 {[%emt 0:00:01]} Kf6 {[%emt 0:00:03]} 50. Rc6+ {[%emt 0:00:02]} Kg7 {[%emt 0:00:01]} 51. Rc7 {[%emt 0:00:03]} Kf8 {[%emt 0:00:01]} 52. Rc8+ {[%emt 0:00:01]} Ke7 {[%emt 0:00:03]} 53. Rc7+ {[%emt 0:00:01]} Kf6 {[%emt 0:00:02]} 54. Rc6+ {[%emt 0:00:01]} Kf5 {[%emt 0:00:02]} 55. Bh3+ {[%emt 0:00:06]} Ke5 {[%emt 0:00:03]} 56. Rc7 {[%emt 0:00:01]} Bd5 {[%emt 0:00:04]} 57. Bf1 {[%emt 0:00:08]} a5 {[%emt 0:00:03]} 58. Re7+ {[%emt 0:00:02]} Kf6 {[%emt 0:00:02]} 59. Rd7 {[%emt 0:00:02]} Be6 {[%emt 0:00:01]} 60. Rd6 {[%emt 0:00:01]} Rxh4 {[%emt 0:00:01]} 61. Ra6 {[%emt 0:00:01]} a4 {[%emt 0:00:01]} 62. Bd3 {[%emt 0:00:02]} Rf4 {[%emt 0:00:02]} 63. Bxg6 {[%emt 0:00:01]} h4 {[%emt 0:00:03]} 64. Be8 {[%emt 0:00:03]} Ke7 {[%emt 0:00:09]} 65. Bxa4 {[%emt 0:00:02]} h3 {[%emt 0:00:02]} 66. Bc6 {[%emt 0:00:01]} h2 {[%emt 0:00:01]} 67. Kd2 {[%emt 0:00:03]} Rf2+ {[%emt 0:00:05]} 68. Ke3 {[%emt 0:00:04]} Rxc2 {[%emt 0:00:01]} 69. Be4 {[%emt 0:00:02]} Rb2 {[%emt 0:00:03]} 70. Ra1 {[%emt 0:00:02]} Kf6 {[%emt 0:00:01]} 71. Rh1 {[%emt 0:00:01]} Kg5 {[%emt 0:00:01]} 72. Kf3 {[%emt 0:00:01]} Kh4 {[%emt 0:00:01]} 73. Kf4 {[%emt 0:00:01]} Bh3 {[%emt 0:00:02]} 74. Rd1 {[%emt 0:00:04]} Rf2+ {[%emt 0:00:01]} 75. Ke3 {[%emt 0:00:03]} Rf8 {[%emt 0:00:03]} 76. Rd6 {[%emt 0:00:03]} Kg3 {[%emt 0:00:02]} 77. Rg6+ {[%emt 0:00:02]} Bg4 {[%emt 0:00:01]} 78. Kd2 {[%emt 0:00:01]} Rf4 {[%emt 0:00:02]} 79. Bc6 {[%emt 0:00:02]} Kf2 {[%emt 0:00:01]} 80. Rh6 {[%emt 0:00:01]} Kg1 {[%emt 0:00:02]} 81. Ke3 {[%emt 0:00:01]} Rc4 {[%emt 0:00:03]} 82. Bd5 {[%emt 0:00:01]} Rc3+ {[%emt 0:00:01]} 83. Kf4 {[%emt 0:00:02]} Bh3 {[%emt 0:00:04]} 84. Rg6+ {[%emt 0:00:02]} Kf2 {[%emt 0:00:01]} 85. Rh6 {[%emt 0:00:01]} Ra3 {[%emt 0:00:02]} 86. Rh7 {[%emt 0:00:04]} Ra4+ {[%emt 0:00:03]} 87. Ke5 {[%emt 0:00:03]} Kg3 {[%emt 0:00:02]} 88. Rg7+ {[%emt 0:00:02]} Rg4 {[%emt 0:00:02]} 89. Rh7 {[%emt 0:00:03]} Bg2 {[%emt 0:00:01]} 90. Kf5 {[%emt 0:00:03]} Rf4+ {[%emt 0:00:06]} 91. Kg5 {[%emt 0:00:03]} Bxd5 {[%emt 0:00:02]} 92. Rxh2 {[%emt 0:00:01]} Rg4+ {[%emt 0:00:01]} 93. Kf5 {[%emt 0:00:00]} Be4+ {[%emt 0:00:01]} 94. Ke5 {[%emt 0:00:02]} Kxh2 {[%emt 0:00:00] Ahmadzada resigns (Lag: Av=0.48s, max=2.0s)} 0-1

[Event "Silkway Cup"]
[Site "T#646345FIDE"]
[Date "2020.05.28"]
[Round "9"]
[White "Nanadzagnidze"]
[Black "Gul91"]
[Result "1/2-1/2"]
[WhiteElo "1926"]
[BlackElo "2042"]
[Annotator "NA"]
[PlyCount "121"]
[EventDate "2020.05.28"]
[EventType "swiss (blitz)"]

1. d4 {[%emt 0:00:04]} g6 {[%emt 0:00:01]} 2. e4 {[%emt 0:00:04]} Bg7 {[%emt 0:00:01]} 3. Nc3 {[%emt 0:00:03]} d6 {[%emt 0:00:01]} 4. Be3 {[%emt 0:00:02]} Nd7 {[%emt 0:00:03]} 5. Qd2 {[%emt 0:00:07]} c6 {[%emt 0:00:01]} 6. a4 {[%emt 0:00:03]} a5 {[%emt 0:00:02]} 7. Nf3 {[%emt 0:00:04]} Ngf6 {[%emt 0:00:12]} 8. Bh6 {[%emt 0:00:16]} Bxh6 {[%emt 0:00:02]} 9. Qxh6 {[%emt 0:00:02]} Qb6 {[%emt 0:00:01]} 10. Rb1 {[%emt 0:00:17]} c5 {[%emt 0:00:13]} 11. Qe3 {[%emt 0:00:47]} cxd4 {[%emt 0:00:03]} 12. Nxd4 {[%emt 0:00:06]} Nc5 {[%emt 0:00:12]} 13. Be2 {[%emt 0:00:04]} O-O {[%emt 0:00:16]} 14. O-O {[%emt 0:00:04]} Ne6 {[%emt 0:00:03]} 15. Rfd1 {[%emt 0:00:05]} Nxd4 {[%emt 0:00:02] Gul91 offers a draw} 16. Rxd4 {[%emt 0:00:15]} Bd7 {[%emt 0:00:12]} 17. Nd5 {[%emt 0:00:10]} Nxd5 {[%emt 0:00:04]} 18. exd5 {[%emt 0:00:00]} e5 {[%emt 0:00:12]} 19. dxe6 {[%emt 0:00:03]} Bxe6 {[%emt 0:00:01]} 20. Qd2 {[%emt 0:00:04]} Rfd8 {[%emt 0:00:04]} 21. b3 {[%emt 0:00:22]} Rac8 {[%emt 0:00:06]} 22. c4 {[%emt 0:00:18]} Bf5 {[%emt 0:00:09]} 23. Rb2 {[%emt 0:00:01]} Be6 {[%emt 0:00:05]} 24. Bf3 {[%emt 0:00:04]} Rc7 {[%emt 0:00:12]} 25. h4 {[%emt 0:00:04]} h5 {[%emt 0:00:21]} 26. Qc3 {[%emt 0:00:06]} Qc5 {[%emt 0:00:08]} 27. Rbd2 {[%emt 0:00:02]} Rcd7 {[%emt 0:00:01]} 28. Qe3 {[%emt 0:00:02]} b6 {[%emt 0:00:06]} 29. Qf4 {[%emt 0:00:05]} Qe5 {[%emt 0:00:07]} 30. Bc6 {[%emt 0:00:05]} Qxf4 {[%emt 0:00:08]} 31. Rxf4 {[%emt 0:00:02]} Rc7 {[%emt 0:00:02]} 32. Bf3 {[%emt 0:00:03]} Kf8 {[%emt 0:00:01]} 33. Rfd4 {[%emt 0:00:01]} Ke7 {[%emt 0:00:02]} 34. Be4 {[%emt 0:00:01]} Rc5 {[%emt 0:00:02]} 35. f3 {[%emt 0:00:02]} g5 {[%emt 0:00:03]} 36. hxg5 {[%emt 0:00:02]} Rxg5 {[%emt 0:00:02]} 37. f4 {[%emt 0:00:01]} Rc5 {[%emt 0:00:04]} 38. Kf2 {[%emt 0:00:03]} Bg4 {[%emt 0:00:09]} 39. Bd5 {[%emt 0:00:03]} Kf6 {[%emt 0:00:05]} 40. Re4 {[%emt 0:00:02]} Be6 {[%emt 0:00:04]} 41. Red4 {[%emt 0:00:06]} Bg4 {[%emt 0:00:05]} 42. Bf3 {[%emt 0:00:02]} Bxf3 {[%emt 0:00:02]} 43. Kxf3 {[%emt 0:00:02]} Ke7 {[%emt 0:00:01]} 44. Rd5 {[%emt 0:00:03]} h4 {[%emt 0:00:13]} 45. Ke4 {[%emt 0:00:03]} Rxd5 {[%emt 0:00:07]} 46. Kxd5 {[%emt 0:00:02]} Kd7 {[%emt 0:00:01]} 47. Ke4 {[%emt 0:00:03]} Rg8 {[%emt 0:00:01]} 48. Kf5 {[%emt 0:00:02]} Rg3 {[%emt 0:00:07]} 49. Rb2 {[%emt 0:00:02]} Ke7 {[%emt 0:00:04]} 50. Re2+ {[%emt 0:00:02]} Kd7 {[%emt 0:00:01]} 51. Kf6 {[%emt 0:00:01]} Rxb3 {[%emt 0:00:02]} 52. Kxf7 {[%emt 0:00:01]} Rc3 {[%emt 0:00:01]} 53. f5 {[%emt 0:00:01]} Rxc4 {[%emt 0:00:02]} 54. f6 {[%emt 0:00:01]} Rxa4 {[%emt 0:00:01]} 55. Kf8 {[%emt 0:00:02]} Rf4 {[%emt 0:00:01]} 56. f7 {[%emt 0:00:01]} a4 {[%emt 0:00:01]} 57. Kg7 {[%emt 0:00:01]} Rg4+ {[%emt 0:00:02]} 58. Kf6 {[%emt 0:00:01]} Rf4+ {[%emt 0:00:01]} 59. Kg7 {[%emt 0:00:01]} Rg4+ {[%emt 0:00:01]} 60. Kh7 {[%emt 0:00:03]} Rf4 {[%emt 0:00:02]} 61. Kg7 {[%emt 0:00:06] (Lag: Av=1.34s, max=1.8s)} 1/2-1/2

[Event "Silkway Cup"]
[Site "T#646345FIDE"]
[Date "2020.05.28"]
[Round "9"]
[White "Misi_95"]
[Black "Nino2014"]
[Result "1-0"]
[WhiteElo "1848"]
[BlackElo "1762"]
[Annotator "NA"]
[PlyCount "119"]
[EventDate "2020.05.28"]
[EventType "swiss (blitz)"]

1. e4 {[%emt 0:00:02]} e5 {[%emt 0:00:02]} 2. Nf3 {[%emt 0:00:01]} Nc6 {[%emt 0:00:01]} 3. Bb5 {[%emt 0:00:01]} a6 {[%emt 0:00:01]} 4. Ba4 {[%emt 0:00:01]} Nf6 {[%emt 0:00:01]} 5. O-O {[%emt 0:00:01]} b5 {[%emt 0:00:02]} 6. Bb3 {[%emt 0:00:01]} Bc5 {[%emt 0:00:01]} 7. a4 {[%emt 0:00:06]} Rb8 {[%emt 0:00:04]} 8. c3 {[%emt 0:00:07]} d6 {[%emt 0:00:02]} 9. d4 {[%emt 0:00:08]} Bb6 {[%emt 0:00:02]} 10. a5 {[%emt 0:00:01]} Ba7 {[%emt 0:00:02]} 11. Re1 {[%emt 0:00:10]} Bb7 {[%emt 0:00:12]} 12. Bg5 {[%emt 0:00:05]} h6 {[%emt 0:00:05]} 13. Bh4 {[%emt 0:00:01]} g5 {[%emt 0:00:50]} 14. Bg3 {[%emt 0:00:01]} g4 {[%emt 0:00:01]} 15. Nh4 {[%emt 0:01:11]} exd4 {[%emt 0:00:03]} 16. Nf5 {[%emt 0:00:03]} dxc3 {[%emt 0:00:11]} 17. Nxc3 {[%emt 0:00:00]} Ne5 {[%emt 0:00:07]} 18. Bh4 {[%emt 0:00:12]} Ng6 {[%emt 0:00:11]} 19. Bg3 {[%emt 0:00:12]} h5 {[%emt 0:00:12]} 20. Nd5 {[%emt 0:00:31]} Nxd5 {[%emt 0:00:09]} 21. exd5+ {[%emt 0:00:04]} Kf8 {[%emt 0:00:01]} 22. Ne7 {[%emt 0:00:15]} h4 {[%emt 0:00:15]} 23. Nxg6+ {[%emt 0:00:05]} fxg6 {[%emt 0:00:00]} 24. Bf4 {[%emt 0:00:06]} g3 {[%emt 0:00:08]} 25. hxg3 {[%emt 0:00:02]} hxg3 {[%emt 0:00:03]} 26. Bxg3 {[%emt 0:00:01]} Qg5 {[%emt 0:00:04]} 27. Qf3+ {[%emt 0:00:07]} Kg8 {[%emt 0:00:03]} 28. Qe4 {[%emt 0:00:08]} Rf8 {[%emt 0:00:11]} 29. Qe6+ {[%emt 0:00:05]} Rf7 {[%emt 0:00:04]} 30. Kf1 {[%emt 0:00:03]} Qf5 {[%emt 0:00:33]} 31. Qxf5 {[%emt 0:00:01]} gxf5 {[%emt 0:00:04]} 32. Re8+ {[%emt 0:00:02]} Kg7 {[%emt 0:00:01]} 33. Rxh8 {[%emt 0:00:01]} Kxh8 {[%emt 0:00:00]} 34. Re1 {[%emt 0:00:01]} f4 {[%emt 0:00:04]} 35. Bh4 {[%emt 0:00:01]} Bd4 {[%emt 0:00:02]} 36. Re8+ {[%emt 0:00:06]} Kg7 {[%emt 0:00:01]} 37. Ke2 {[%emt 0:00:01]} Bxb2 {[%emt 0:00:02]} 38. Rb8 {[%emt 0:00:02]} f3+ {[%emt 0:00:13]} 39. gxf3 {[%emt 0:00:01]} Rf4 {[%emt 0:00:01]} 40. Bg3 {[%emt 0:00:07]} Rb4 {[%emt 0:00:01]} 41. Rxb7 {[%emt 0:00:01]} Rxb3 {[%emt 0:00:01]} 42. Rxc7+ {[%emt 0:00:00]} Kf6 {[%emt 0:00:02]} 43. Bxd6 {[%emt 0:00:01]} Bc3 {[%emt 0:00:02]} 44. Rc6 {[%emt 0:00:01]} Kf5 {[%emt 0:00:02]} 45. Rxa6 {[%emt 0:00:01]} b4 {[%emt 0:00:01]} 46. Rb6 {[%emt 0:00:01]} Rb2+ {[%emt 0:00:01]} 47. Kd3 {[%emt 0:00:01]} Rd2+ {[%emt 0:00:01]} 48. Kc4 {[%emt 0:00:01]} Rd4+ {[%emt 0:00:00]} 49. Kb3 {[%emt 0:00:01]} Rxd5 {[%emt 0:00:01]} 50. Bxb4 {[%emt 0:00:01]} Bxb4 {[%emt 0:00:09]} 51. Kxb4 {[%emt 0:00:00]} Rd4+ {[%emt 0:00:01]} 52. Kb5 {[%emt 0:00:01]} Rd5+ {[%emt 0:00:01]} 53. Ka4 {[%emt 0:00:01]} Rd4+ {[%emt 0:00:02]} 54. Rb4 {[%emt 0:00:01]} Rd1 {[%emt 0:00:00]} 55. a6 {[%emt 0:00:02]} Ra1+ {[%emt 0:00:04]} 56. Kb5 {[%emt 0:00:01]} Ra2 {[%emt 0:00:04]} 57. Kb6 {[%emt 0:00:02]} Re2 {[%emt 0:00:03]} 58. a7 {[%emt 0:00:02]} Re6+ {[%emt 0:00:00]} 59. Ka5 {[%emt 0:00:01]} Re8 {[%emt 0:00:03]} 60. Rb8 {[%emt 0:00:02] Nino2014 resigns (Lag: Av=0.63s, max=3.9s)} 1-0

[Event "Silkway Cup"]
[Site "T#646345FIDE"]
[Date "2020.05.28"]
[Round "9"]
[White "S-melia"]
[Black "Ulka96"]
[Result "0-1"]
[WhiteElo "1750"]
[BlackElo "1592"]
[Annotator "NA"]
[PlyCount "102"]
[EventDate "2020.05.28"]
[EventType "swiss (blitz)"]

1. e4 {[%emt 0:00:03]} e6 {[%emt 0:00:01]} 2. d4 {[%emt 0:00:02]} d5 {[%emt 0:00:02]} 3. Nc3 {[%emt 0:00:01]} Nf6 {[%emt 0:00:01]} 4. e5 {[%emt 0:00:02]} Nfd7 {[%emt 0:00:01]} 5. f4 {[%emt 0:00:00]} c5 {[%emt 0:00:01]} 6. Nf3 {[%emt 0:00:00]} Nc6 {[%emt 0:00:00]} 7. Be3 {[%emt 0:00:01]} cxd4 {[%emt 0:00:00]} 8. Nxd4 {[%emt 0:00:02]} Bc5 {[%emt 0:00:00]} 9. Qd2 {[%emt 0:00:01]} O-O {[%emt 0:00:01]} 10. O-O-O {[%emt 0:00:03]} a6 {[%emt 0:00:01]} 11. Kb1 {[%emt 0:00:04]} Nxd4 {[%emt 0:00:01]} 12. Bxd4 {[%emt 0:00:01]} b5 {[%emt 0:00:00]} 13. h4 {[%emt 0:00:07]} b4 {[%emt 0:00:01]} 14. Na4 {[%emt 0:00:07]} Bxd4 {[%emt 0:00:03]} 15. Qxd4 {[%emt 0:00:00]} a5 {[%emt 0:00:01]} 16. h5 {[%emt 0:00:04]} Ba6 {[%emt 0:00:10]} 17. h6 {[%emt 0:00:12]} g6 {[%emt 0:00:02]} 18. g4 {[%emt 0:00:04]} Qc7 {[%emt 0:00:07]} 19. Bd3 {[%emt 0:00:29]} Rfc8 {[%emt 0:00:03]} 20. Rh2 {[%emt 0:00:08]} Qc6 {[%emt 0:00:17]} 21. b3 {[%emt 0:00:02]} Nc5 {[%emt 0:00:18]} 22. Nxc5 {[%emt 0:00:04]} Qxc5 {[%emt 0:00:01]} 23. Qxc5 {[%emt 0:00:04]} Rxc5 {[%emt 0:00:01]} 24. Bxa6 {[%emt 0:00:20]} Rxa6 {[%emt 0:00:01]} 25. Rd3 {[%emt 0:00:01]} Rac6 {[%emt 0:00:04]} 26. Kb2 {[%emt 0:00:07]} Kf8 {[%emt 0:00:05]} 27. g5 {[%emt 0:00:03]} Rc3 {[%emt 0:00:03]} 28. Rhd2 {[%emt 0:00:05]} Ke7 {[%emt 0:00:14]} 29. Kb1 {[%emt 0:00:21]} Kd7 {[%emt 0:00:06]} 30. Kb2 {[%emt 0:00:37] S-melia offers a draw} Kc7 {[%emt 0:00:01]} 31. Kb1 {[%emt 0:00:07]} Kb6 {[%emt 0:00:01]} 32. Rd4 {[%emt 0:00:08]} Rf3 {[%emt 0:00:06]} 33. Kb2 {[%emt 0:00:02]} Rcc3 {[%emt 0:00:08]} 34. a3 {[%emt 0:00:03]} Kb5 {[%emt 0:00:06]} 35. axb4 {[%emt 0:00:03]} axb4 {[%emt 0:00:02]} 36. R2d3 {[%emt 0:00:12]} Rcxd3 {[%emt 0:00:04]} 37. Rxd3 {[%emt 0:00:06]} Rxf4 {[%emt 0:00:01]} 38. c3 {[%emt 0:00:09]} Rf2+ {[%emt 0:00:04]} 39. Kc1 {[%emt 0:00:03]} Rf5 {[%emt 0:00:51]} 40. cxb4 {[%emt 0:00:08]} Kxb4 {[%emt 0:00:01]} 41. Kc2 {[%emt 0:00:03]} Rxg5 {[%emt 0:00:08]} 42. Rd4+ {[%emt 0:00:02]} Kc5 {[%emt 0:00:04]} 43. Rf4 {[%emt 0:00:02]} Rf5 {[%emt 0:00:02]} 44. Ra4 {[%emt 0:00:03]} Rxe5 {[%emt 0:00:07]} 45. Ra7 {[%emt 0:00:00]} Rf5 {[%emt 0:00:06]} 46. Kd3 {[%emt 0:00:01]} Rf3+ {[%emt 0:00:02]} 47. Ke2 {[%emt 0:00:01]} Rh3 {[%emt 0:00:04]} 48. Rxf7 {[%emt 0:00:02]} Rxh6 {[%emt 0:00:01]} 49. Re7 {[%emt 0:00:03]} Kd6 {[%emt 0:00:02]} 50. Re8 {[%emt 0:00:01]} Rh3 {[%emt 0:00:11]} 51. b4 {[%emt 0:00:02]} Rb3 {[%emt 0:00:02] S-melia resigns (Lag: Av=0.70s, max=2.4s)} 0-1

[Event "Silkway Cup"]
[Site "T#646345FIDE"]
[Date "2020.05.28"]
[Round "9"]
[White "Gb_23"]
[Black "MammadyarovaZ"]
[Result "1/2-1/2"]
[WhiteElo "1738"]
[BlackElo "2038"]
[Annotator "NA"]
[PlyCount "114"]
[EventDate "2020.05.28"]
[EventType "swiss (blitz)"]

1. c4 {[%emt 0:00:02]} e5 {[%emt 0:00:03]} 2. g3 {[%emt 0:00:02]} d6 {[%emt 0:00:01]} 3. Bg2 {[%emt 0:00:01]} g6 {[%emt 0:00:01]} 4. Nc3 {[%emt 0:00:02]} Bg7 {[%emt 0:00:01]} 5. e3 {[%emt 0:00:01]} f5 {[%emt 0:00:06]} 6. Nge2 {[%emt 0:00:02]} Ne7 {[%emt 0:00:11]} 7. d4 {[%emt 0:00:14]} O-O {[%emt 0:00:13]} 8. O-O {[%emt 0:00:08]} c6 {[%emt 0:00:02]} 9. dxe5 {[%emt 0:00:45]} dxe5 {[%emt 0:00:02]} 10. b3 {[%emt 0:00:01]} Qc7 {[%emt 0:00:14]} 11. Ba3 {[%emt 0:00:05]} Rd8 {[%emt 0:00:08]} 12. Qc2 {[%emt 0:00:01]} Be6 {[%emt 0:00:07]} 13. Rfd1 {[%emt 0:00:07]} a5 {[%emt 0:00:26]} 14. Rxd8+ {[%emt 0:00:12]} Qxd8 {[%emt 0:00:00]} 15. Rd1 {[%emt 0:00:02]} Qe8 {[%emt 0:00:04]} 16. Rd6 {[%emt 0:00:19]} Bf7 {[%emt 0:00:16]} 17. Qd1 {[%emt 0:00:06]} Na6 {[%emt 0:00:03]} 18. Na4 {[%emt 0:00:17]} Nb4 {[%emt 0:00:08]} 19. Nb6 {[%emt 0:00:06]} Rb8 {[%emt 0:00:04]} 20. Nd7 {[%emt 0:00:34]} Ra8 {[%emt 0:00:13]} 21. Nb6 {[%emt 0:00:02]} Rb8 {[%emt 0:00:03]} 22. Nd7 {[%emt 0:00:18]} Rc8 {[%emt 0:00:05]} 23. Bb2 {[%emt 0:00:06]} Ra8 {[%emt 0:00:51]} 24. Bxe5 {[%emt 0:00:02]} Bxe5 {[%emt 0:00:14]} 25. Nxe5 {[%emt 0:00:03]} Nxa2 {[%emt 0:00:07]} 26. Qd4 {[%emt 0:00:06]} Nb4 {[%emt 0:00:04]} 27. Nf4 {[%emt 0:00:02]} a4 {[%emt 0:00:02]} 28. Nxf7 {[%emt 0:00:03]} Qxf7 {[%emt 0:00:01]} 29. Rd8+ {[%emt 0:00:01]} Rxd8 {[%emt 0:00:01]} 30. Qxd8+ {[%emt 0:00:00]} Qf8 {[%emt 0:00:02]} 31. Qxf8+ {[%emt 0:00:01]} Kxf8 {[%emt 0:00:01]} 32. bxa4 {[%emt 0:00:00]} Kf7 {[%emt 0:00:03]} 33. c5 {[%emt 0:00:01]} Na6 {[%emt 0:00:03]} 34. Nd3 {[%emt 0:00:03]} Kf6 {[%emt 0:00:01]} 35. f4 {[%emt 0:00:02]} Nc8 {[%emt 0:00:03]} 36. Kf2 {[%emt 0:00:01]} Ke6 {[%emt 0:00:02]} 37. e4 {[%emt 0:00:02]} fxe4 {[%emt 0:00:01]} 38. Bxe4 {[%emt 0:00:00]} Ne7 {[%emt 0:00:01]} 39. Ke3 {[%emt 0:00:01]} Nc7 {[%emt 0:00:01]} 40. g4 {[%emt 0:00:03]} Ncd5+ {[%emt 0:00:03]} 41. Kd4 {[%emt 0:00:01]} Nf6 {[%emt 0:00:04]} 42. f5+ {[%emt 0:00:09]} gxf5 {[%emt 0:00:02]} 43. Nf4+ {[%emt 0:00:01]} Kf7 {[%emt 0:00:02]} 44. gxf5 {[%emt 0:00:02]} Nxe4 {[%emt 0:00:04]} 45. Kxe4 {[%emt 0:00:01]} Kf6 {[%emt 0:00:00]} 46. Nh5+ {[%emt 0:00:01]} Kg5 {[%emt 0:00:01]} 47. Ng3 {[%emt 0:00:06]} h5 {[%emt 0:00:02]} 48. Ke5 {[%emt 0:00:05]} h4 {[%emt 0:00:01]} 49. Ne4+ {[%emt 0:00:01]} Kg4 {[%emt 0:00:00]} 50. f6 {[%emt 0:00:01]} Ng6+ {[%emt 0:00:01]} 51. Ke6 {[%emt 0:00:01]} Kh3 {[%emt 0:00:01]} 52. Kf5 {[%emt 0:00:02]} Nf8 {[%emt 0:00:02]} 53. Kg5 {[%emt 0:00:02]} Ne6+ {[%emt 0:00:04]} 54. Kh5 {[%emt 0:00:01]} Nf4+ {[%emt 0:00:05]} 55. Kg5 {[%emt 0:00:01]} Ne6+ {[%emt 0:00:01]} 56. Kf5 {[%emt 0:00:01]} Nf8 {[%emt 0:00:01]} 57. Kg5 {[%emt 0:00:06]} Ne6+ {[%emt 0:00:02] (Lag: Av=1.49s, max=9.2s)} 1/2-1/2

[Event "Silkway Cup"]
[Site "T#646345FIDE"]
[Date "2020.05.28"]
[Round "9"]
[White "Ninullia"]
[Black "Sandrika"]
[Result "1/2-1/2"]
[WhiteElo "1696"]
[BlackElo "1593"]
[Annotator "NA"]
[PlyCount "95"]
[EventDate "2020.05.28"]
[EventType "swiss (blitz)"]

1. d4 {[%emt 0:00:02]} Nf6 {[%emt 0:00:02]} 2. c4 {[%emt 0:00:01]} c5 {[%emt 0:00:08]} 3. d5 {[%emt 0:00:02]} b5 {[%emt 0:00:01]} 4. Nf3 {[%emt 0:00:04]} bxc4 {[%emt 0:00:07]} 5. Nc3 {[%emt 0:00:04]} g6 {[%emt 0:00:11]} 6. e4 {[%emt 0:00:16]} d6 {[%emt 0:00:02]} 7. Bxc4 {[%emt 0:00:02]} Bg7 {[%emt 0:00:01]} 8. O-O {[%emt 0:00:14]} O-O {[%emt 0:00:07]} 9. h3 {[%emt 0:00:06]} Nbd7 {[%emt 0:00:04]} 10. Bf4 {[%emt 0:00:03]} Nb6 {[%emt 0:00:04]} 11. Bd3 {[%emt 0:00:08]} Nfd7 {[%emt 0:00:02]} 12. Qd2 {[%emt 0:00:05]} c4 {[%emt 0:00:12]} 13. Bc2 {[%emt 0:00:05]} Nc5 {[%emt 0:00:23]} 14. Rad1 {[%emt 0:00:20]} Rb8 {[%emt 0:00:11]} 15. e5 {[%emt 0:00:13]} Ba6 {[%emt 0:00:16]} 16. exd6 {[%emt 0:00:09]} exd6 {[%emt 0:00:01]} 17. Nd4 {[%emt 0:00:03]} Qd7 {[%emt 0:00:22]} 18. Nc6 {[%emt 0:00:30]} Rbe8 {[%emt 0:00:01]} 19. a4 {[%emt 0:00:37]} Nd3 {[%emt 0:00:05]} 20. Bxd3 {[%emt 0:00:04]} cxd3 {[%emt 0:00:01]} 21. Nb4 {[%emt 0:00:03]} Bc4 {[%emt 0:00:14]} 22. a5 {[%emt 0:00:01]} Na4 {[%emt 0:00:23]} 23. Nxd3 {[%emt 0:00:06]} Nxc3 {[%emt 0:00:05]} 24. bxc3 {[%emt 0:00:02]} Bxd5 {[%emt 0:00:10]} 25. Nb4 {[%emt 0:00:03]} Bc4 {[%emt 0:00:01]} 26. Rfe1 {[%emt 0:00:01]} Rxe1+ {[%emt 0:00:02]} 27. Rxe1 {[%emt 0:00:04]} d5 {[%emt 0:00:04]} 28. Be5 {[%emt 0:00:06]} Re8 {[%emt 0:00:09]} 29. Bxg7 {[%emt 0:00:01]} Rxe1+ {[%emt 0:00:01]} 30. Qxe1 {[%emt 0:00:00]} Kxg7 {[%emt 0:00:00]} 31. Qe5+ {[%emt 0:00:01]} f6 {[%emt 0:00:05]} 32. Qd4 {[%emt 0:00:01]} Qe7 {[%emt 0:00:08]} 33. Nc6 {[%emt 0:00:09]} Qe1+ {[%emt 0:00:02]} 34. Kh2 {[%emt 0:00:01]} a6 {[%emt 0:00:01]} 35. Nb4 {[%emt 0:00:07]} Qe5+ {[%emt 0:00:02]} 36. f4 {[%emt 0:00:06]} Qxd4 {[%emt 0:00:04]} 37. cxd4 {[%emt 0:00:00]} g5 {[%emt 0:00:04]} 38. fxg5 {[%emt 0:00:03]} fxg5 {[%emt 0:00:01]} 39. Kg3 {[%emt 0:00:01]} Kg6 {[%emt 0:00:02]} 40. Kf3 {[%emt 0:00:01]} h5 {[%emt 0:00:03]} 41. g4 {[%emt 0:00:01]} h4 {[%emt 0:00:01]} 42. Kf2 {[%emt 0:00:03]} Kf6 {[%emt 0:00:03]} 43. Kf3 {[%emt 0:00:01]} Ke6 {[%emt 0:00:03]} 44. Kg2 {[%emt 0:00:01]} Kf6 {[%emt 0:00:03]} 45. Kf2 {[%emt 0:00:01]} Ke6 {[%emt 0:00:01]} 46. Kg2 {[%emt 0:00:01]} Kf6 {[%emt 0:00:01]} 47. Kf2 {[%emt 0:00:01]} Ke6 {[%emt 0:00:01]} 48. Kg2 {[%emt 0:00:01] (Lag: Av=1.12s, max=3.9s)} 1/2-1/2